Giáo trình quy hoạch thực nghiệm

Quy hoạch thực nghiệm và phương pháp xử lý thí nghiệm là một phương pháp toán học được sử dụng rộng rãi trong nghiên cứu, học tập bao gồm các lĩnh vực : lý thuyết quy hoạch và phương pháp thực nghiệm, lý thuyết hệ thống, lý thuyết tho...

Ausführliche Beschreibung

Gespeichert in:
Bibliographische Detailangaben
1. Verfasser: Nguyễn, Doãn Ý
Format: Buch
Sprache:Undetermined
Veröffentlicht: Hà Nội Khoa học kỹ thuật 2003
Schlagworte:
Tags: Tag hinzufügen
Keine Tags, Fügen Sie den ersten Tag hinzu!
Thư viện lưu trữ: Trung tâm Học liệu Trường Đại học Cần Thơ
LEADER 00978nam a2200181Ia 4500
001 CTU_54288
008 210402s9999 xx 000 0 und d
082 |a 519.3 
082 |b Y600 
100 |a Nguyễn, Doãn Ý 
245 0 |a Giáo trình quy hoạch thực nghiệm 
245 0 |c Nguyễn Doãn Ý 
260 |a Hà Nội 
260 |b Khoa học kỹ thuật 
260 |c 2003 
520 |a Quy hoạch thực nghiệm và phương pháp xử lý thí nghiệm là một phương pháp toán học được sử dụng rộng rãi trong nghiên cứu, học tập bao gồm các lĩnh vực : lý thuyết quy hoạch và phương pháp thực nghiệm, lý thuyết hệ thống, lý thuyết thống kê, lý thuyết tối ưu hóa và ứng dụng. 
650 |a Experimental design,Optimal designs ( statistics ) 
980 |a Trung tâm Học liệu Trường Đại học Cần Thơ